A Common Sense Guide to World Peace (Record no. 4305)

MARC details
000 -LEADER
fixed length control field 00343nam a22001337a 4500
008 - FIXED-LENGTH DATA ELEMENTS--GENERAL INFORMATION
fixed length control field 250716b |||||||| |||| 00| 0 eng d
020 ## - INTERNATIONAL STANDARD BOOK NUMBER
ISBN 0379207974
100 ## - MAIN ENTRY--AUTHOR
Author FERENC3, Benjami B.
245 ## - TITLE STATEMENT
Title A Common Sense Guide to World Peace
260 ## - PUBLICATION, DISTRIBUTION, ETC. (IMPRINT)
Place of publication U.S.A
Name of publisher Oceana Publication
Date of publication 1985
300 ## - COLLATION
Pagination xvi, 109p.
942 ## - ADDED ENTRY ELEMENTS (KOHA)
Item type Books
050 ## - LIBRARY OF CONGRESS CALL NUMBER
Classification number HD42
Item number .F47
Holdings
Source of classification or shelving scheme Not for loan Permanent location Current location Date acquired Accession No. Full call number Barcode. Koha item type
Library of Congress Classification   Samuel Ogbemudia Main Library, University of Abuja Samuel Ogbemudia Main Library, University of Abuja 07/16/2025 2006-30993 HD42.F47 2025-3072 Books